000 00310nam a22001217a 4500
003 SGT
082 _a920
_bJ16K
100 _aखेमानी, कुसुम
245 _aजड़िया बाई
260 _b राजकमल पेपरबैक्स
_c2016
300 _a167
942 _2ddc
_cBK
999 _c32021
_d32021